| 000 -LEADER |
| fixed length control field |
01053nam a22002417a 4500 |
| 001 - CONTROL NUMBER |
| control field |
20557 |
| 003 - CONTROL NUMBER IDENTIFIER |
| control field |
BD-DhUAP |
| 005 - DATE AND TIME OF LATEST TRANSACTION |
| control field |
20210118094716.0 |
| 008 - FIXED-LENGTH DATA ELEMENTS--GENERAL INFORMATION |
| fixed length control field |
200123s2018 bg ||||| |||| 00| 0 ben d |
| 022 ## - INTERNATIONAL STANDARD SERIAL NUMBER |
| Source |
9789848042007 |
| 040 ## - CATALOGING SOURCE |
| Original cataloging agency |
BD-DhUAP |
| Language of cataloging |
Ben |
| Transcribing agency |
BD-DhUAP |
| Modifying agency |
BD-DhUAP |
| 082 ## - DEWEY DECIMAL CLASSIFICATION NUMBER |
| Edition number |
23 |
| Classification number |
005.133 HAS |
| 100 ## - MAIN ENTRY--PERSONAL NAME |
| Personal name |
হাসান, মুনির। |
| 245 ## - TITLE STATEMENT |
| Title |
স্ক্র্যাচ দিয়ে প্রোগ্রামিং শুরু / |
| Statement of responsibility, etc. |
মুনির হাসান, তাহমিম রাফি এবং তামিম শাহ্রিয়ার সুবিন। |
| 260 ## - PUBLICATION, DISTRIBUTION, ETC. |
| Place of publication, distribution, etc. |
ঢাকা : |
| Name of publisher, distributor, etc. |
দ্বিমিক প্রকাশনী, |
| Date of publication, distribution, etc. |
c২০১৮। |
| 300 ## - PHYSICAL DESCRIPTION |
| Extent |
১১৭ পৃষ্ঠা : |
| Other physical details |
চিত্র ; |
| Dimensions |
২৪ সেমি.। |
| 650 ## - SUBJECT ADDED ENTRY--TOPICAL TERM |
| Topical term or geographic name entry element |
Computer programming. |
| 650 ## - SUBJECT ADDED ENTRY--TOPICAL TERM |
| Topical term or geographic name entry element |
Computer algorithms. |
| 650 ## - SUBJECT ADDED ENTRY--TOPICAL TERM |
| Topical term or geographic name entry element |
Computer program. |
| 700 ## - ADDED ENTRY--PERSONAL NAME |
| Personal name |
রাফি, তাহমিম। |
| 700 ## - ADDED ENTRY--PERSONAL NAME |
| Personal name |
সুবিন, তামিম শাহ্রিয়ার। |
| 942 ## - ADDED ENTRY ELEMENTS (KOHA) |
| Source of classification or shelving scheme |
|
| Koha item type |
Book |